000 00899ngm a22002777a 4500
005 20180803170350.0
008 170207b xxu||||| |||| 00| 0 spa d
040 _aCO-BoIAVH
_cCO-BoIAVH
041 _aspa
090 _aAV
_b00358
110 1 _aInstituto Geográfico Agustín Codazzi
245 1 _aVídeos Geográficos de Colombia
257 _aColombia
260 _aBogotá
_bInstituto Geográfico Agustín Codazzi IGAC
_cs. f
300 _aSerie de videos
500 _aSerie de vídeos de las regiones de Colombia
505 _aV.1 Ej. 1 Bogotá
505 _aV.1 Ej. 2 Región Caribe
505 _aV.1 Ej. 3 Región Pacífica
505 _aV.1 Ej. 4 Región Andina 1
505 _aV.1 Ej. 5 Región Andina 2
505 _aV.1 Ej. 6 Región de la Orinoquía
505 _aV.1 Ej. 7 Región de la Amazonía
650 1 4 _aGeografia
_zBogotá
942 _2z
_cVHS
999 _c19287
_d19287